| 000 | 01129nam a2200241Ia 4500 | ||
|---|---|---|---|
| 003 | Ost | ||
| 005 | 20260507075531.0 | ||
| 008 | 260507s9999||||xx |||||||||||||| ||und|| | ||
| 020 | _a9773580935 | ||
| 040 | _cfsecg | ||
| 041 | _aara | ||
| 082 | _a338.7 | ||
| 100 |
_aحماد، طارق عبد العال _eمؤلف |
||
| 245 | 0 |
_aالتقييم و إعادة هيكلة الشركات : _bتحديد قيمة المنشأة / _c طارق عبد العال حماد |
|
| 260 |
_aالاسكندرية: _bالدار الجامعية, _c2008 |
||
| 300 |
_a820 صفحة؛ _bإيضاحات ؛ _c24 سم |
||
| 504 | _aبيبليوغرافيا: ص.819 | ||
| 520 | _aيضم الكتاب القيمة وتقدير القيمة مفاهيم أساسية، تحليل القوائم المالية ومخاطر الشركات، منهج الدخل، تكلفة رأس المال ومعدلات العائد، منهج السوق، منهج الأصول، مداخل إلى قياس القيمة في البنوك | ||
| 653 | _aالتقييم | ||
| 653 | _aالشركات | ||
| 653 | _aدراسة الجدوى | ||
| 942 | _cكتاب | ||
| 999 |
_c44822 _d44822 |
||